Score 0/55 Timer 06:00
9 Plays Today
% Correct
Beijing
97.2%
Tokyo
90.9%
Guangzhou
90.5%
Shanghai
90.4%
Xinyang
90.2%
Xi’an
89.4%
Zhengzhou
89.1%
Ōsaka
87.9%
Kyoto
87.4%
Hiroshima
86.6%
Seoul
86.6%
Delhi
86.5%
Yokohama
86.4%
Mumbai
84.4%
Baghdad
84.1%
Vladivostok
83.9%
Novosibirsk
80.5%
Tianjin
80.5%
Jakarta
80.2%
Sapporo
78.6%
Krasnoyarsk
77.8%
Nagoya
77.3%
Bangalore
76.5%
Kobe
76.1%
Wuhan
75.8%
Irkutsk
74.6%
Nanchang
73.9%
Riyadh
72.2%
% Correct
Kolkata
72%
Omsk
71.5%
Jaipur
71.3%
Mosul
70.2%
Fallujah
68.8%
Daejeon
67.8%
Karachi
67.1%
Suwon
66.1%
Basra
65.2%
Incheon
65.2%
Chennai
64%
Taegu
62.5%
Bishkek
61.5%
Lahore
61%
Busan
60.8%
Jeddah
58%
Gwangju
56.6%
Surabaya
53.4%
Saitama
49.6%
Semarang
48.5%
Nāgpur
44.1%
Ahmedābād
42%
Kirkuk
39.2%
Kaifeng
38.4%
Rāwalpindi
37.1%
Ulan-Ude
31.7%
Medan
27%

You're not logged in!

Compare scores with friends on all Sporcle quizzes.
OR
Log In

Sporcle TV

Today on Sporcle TV


Watch our educational content, quiz creation guides, and fun videos on Sporcle TV.

Show Comments

Extras

Top Quizzes Today


Score Distribution

Paid Content

Your Account Isn't Verified!

In order to create a playlist on Sporcle, you need to verify the email address you used during registration. Go to your Sporcle Settings to finish the process.

Report this User

Report this user for behavior that violates our Community Guidelines.

Details: